[Event "Moscow Open RSSU Cup 2019"]
[Site "Moscow"]
[Date "2019.01.28"]
[Round "3"]
[White "Kozionov, Kirill"]
[Black "Grachev, Boris"]
[Result "1/2-1/2"]
[WhiteElo "2460"]
[BlackElo "2626"]
[Annotator "TA"]
[PlyCount "82"]
[EventDate "2019.01.26"]
[EventType "swiss"]
[EventCountry "RUS"]
[SourceTitle "playchess.com"]
[Source "ChessBase"]
[SourceQuality "1"]

{[%evp 9,82,31,38,42,31,34,28,28,41,37,36,28,13,22,46,41,42,43,69,70,65,73,87,58,43,20,8,14,45,45,45,45,39,31,41,2,0,6,5,0,0,0,0,0,0,0,0,0,0,0,0,0,0,0,0,0,0,0,0,0,0,0,0,0,0,0,0,0,0,0,0,0,0,0,0]} 1. e4 e5 2. Nf3 Nc6 3. Bb5 {[%cal Bf1b5,Bb5a4,Ba4b3,Bb3a2][%mdl 32]} a6 4. Ba4 b5 5. Bb3 g6 6. a4 {axb5 is the strong threat. C70: Ruy Lopez: 3...a6 4 Ba4, Norwegian and Delayed Schliemann} (6. d4 exd4 7. Nxd4 Na5 8. O-O Bg7 9. Re1 Ne7 10. e5 O-O 11. Bg5 c5 12. Bd5 Rb8 13. Nb3 Nxb3 14. axb3 {0-1 (31) Kramnik,V (2792)-Mamedyarov,S (2808) Paris 2018}) 6... b4 7. d4 exd4 8. Nxd4 {White has an edge.} Na5 9. Ba2 Bg7 10. O-O Ne7 11. c3 Rb8 12. Bg5 $146 {[%cal Bc1g5,Bg5h4,Bh4g3,Bg3d6,Bd6e7][%mdl 32]} ({Predecessor:} 12. Nd2 bxc3 13. bxc3 {1-0 (44) Dauletova,G (2263)-Arabidze,M (2404) Batumi 2018}) 12... h6 13. Bh4 c5 14. Nb3 $1 Nxb3 15. Bxb3 bxc3 16. Nxc3 (16. bxc3 {with more complications.} O-O 17. Bg3 d6 18. Bc4 Rb6 19. a5) 16... d6 17. Bg3 O-O 18. Bxd6 Rxb3 (18... Bg4 $5 {[%cal Rg4d1]} 19. Bxe7 (19. Qxg4 Qxd6 20. Rfd1 Bd4 $11) 19... Qxe7 $11) 19. Bxe7 $1 Qxd1 20. Rfxd1 Re8 21. Bxc5 Rxb2 22. Bd4 Be6 {The position is equal.} 23. Bxg7 Kxg7 24. Rac1 Rc8 25. Nd5 Rxc1 26. Rxc1 Bxd5 27. exd5 $11 {[%mdl 4096] Endgame KR-KR} Rd2 28. Kf1 Rxd5 29. Rc6 a5 30. Ra6 g5 31. Ke2 f6 32. Ke3 h5 33. f3 Kg6 34. g4 hxg4 35. fxg4 Rc5 36. Kd3 Re5 37. Ra7 Rc5 38. Ra6 Kf7 39. h3 Ke7 40. Kd2 Re5 41. Ra7+ Ke6 {Accuracy: White = 65%, Black = 91%.} 1/2-1/2

[Event "Moscow Open RSSU Cup 2019"]
[Site "Moscow"]
[Date "2019.01.28"]
[Round "3"]
[White "Lugovskoy, Maxim"]
[Black "Kokarev, Dmitry"]
[Result "0-1"]
[WhiteElo "2445"]
[BlackElo "2605"]
[Annotator "TA"]
[PlyCount "79"]
[EventDate "2019.01.26"]
[EventType "swiss"]
[EventCountry "RUS"]
[SourceTitle "playchess.com"]
[Source "ChessBase"]
[SourceQuality "1"]

{[%evp 20,79,-8,0,0,0,0,-21,-18,-35,-30,-34,-32,-58,-57,-58,-44,-83,-76,-100,-87,-79,-86,-99,-77,-120,-130,-136,-127,-141,-91,-95,-99,-109,-92,-94,-95,-171,-155,-153,-160,-160,-145,-161,-149,-149,-149,-145,-141,-144,-137,-302,-302,-289,-288,-336,-329,-325,-339,-433,-421,-1076]} 1. e4 c5 2. Nf3 d6 3. Bb5+ Nd7 4. d4 cxd4 5. Qxd4 a6 6. Bxd7+ Bxd7 7. c4 {B51: Sicilian: Moscow Variation (3 Bb5+) without 3...Bd7} (7. Nc3 e5 8. Qd3 Rc8 9. O-O Qc7 10. Rd1 Be6 11. a4 Nf6 12. Nd2 Be7 13. Nf1 Qc4 14. Ne3 Qxd3 15. Rxd3 Kd7 {½-½ (33) Xiong,J (2656)-Vachier Lagrave,M (2780) Douglas 2018}) 7... Nf6 8. O-O g6 9. Nc3 Bg7 10. Qd3 O-O 11. Bg5 {LiveBook: 5 Games} h6 12. Be3 b5 13. cxb5 axb5 14. a3 Qb8 15. Qd2 $146 Kh7 16. Nd4 {[%cal Bf3d4,Bd4c2,Bc2b4,Bb4d5][%mdl 32]} Ng4 17. Nc2 Nxe3 ({Don't play} 17... d5 $6 18. Bf4 $14) 18. Qxe3 Qa7 19. Qd3 Rfc8 20. Nb4 Rc4 21. h4 Rac8 {[%cal Rg7c3]} 22. Rfc1 h5 23. Qf3 Be6 24. Nbd5 Qb7 25. Re1 Kg8 26. e5 {[#] Threatens to win with Nf6+!} Kh8 $1 27. exd6 exd6 28. Re4 (28. Rad1 $17) 28... Rxe4 $19 29. Qxe4 Rc4 30. Qf3 Rxh4 31. Rd1 Rd4 $36 {[%mdl 2048] Black is on the roll.} 32. Rxd4 Bxd4 33. Qf4 Be5 34. Qd2 Kh7 35. Kh1 $2 {[#]} (35. Nf4 $17) 35... Bxd5 $1 36. Nxd5 {[#]} Bxb2 $1 {[%mdl 512]} 37. Qd3 (37. Qxb2 Qxd5) 37... Qc6 38. Qb3 Bd4 39. Qf3 Kg7 40. Qe4 {Precision: White = 37%, Black = 78%.} (40. Kh2 $142) 0-1

[Event "Moscow Open RSSU Cup 2019"]
[Site "Moscow"]
[Date "2019.01.28"]
[Round "3"]
[White "Bryakin, Mikhail"]
[Black "Kryakvin, Dmitry"]
[Result "1-0"]
[WhiteElo "2426"]
[BlackElo "2588"]
[Annotator "TA"]
[PlyCount "83"]
[EventDate "2019.01.26"]
[EventType "swiss"]
[EventCountry "RUS"]
[SourceTitle "playchess.com"]
[Source "ChessBase"]
[SourceQuality "1"]

{[%evp 17,83,22,44,47,51,35,95,89,91,87,133,132,139,137,175,107,119,126,216,214,206,204,261,263,248,197,201,202,203,194,193,200,201,201,191,87,254,245,262,260,288,303,423,385,428,443,417,423,841,826,769,627,606,573,1417,1415,29973,29974,29974,29974,29979,29980,29980,29973,29982,29983,29983,29984]} 1. d4 g6 2. c4 Bg7 3. Nc3 Nf6 4. e4 d6 5. h3 O-O 6. Be3 Na6 7. Bd3 {E71: King's Indian: 4 e4 d6 5 h3} (7. g4 c6 8. Nge2 Nc7 9. Ng3 b5 10. cxb5 cxb5 11. Bg2 e5 12. dxe5 dxe5 13. Qxd8 Rxd8 14. O-O b4 {½-½ (39) Parligras,M (2623)-Grischuk,A (2769) Douglas 2018}) 7... c6 8. Nf3 e5 9. d5 Nh5 {LiveBook: 4 Games} 10. O-O Nf4 11. a3 $146 ({Predecessor:} 11. dxc6 bxc6 12. Re1 Ne6 13. a3 f5 14. exf5 gxf5 15. Bc2 {1-0 (37) Vovk,Y (2588)-Antoniewski,R (2550) Slovakia 2014}) 11... f5 ({Better is} 11... Bd7 $14) 12. Bxf4 $16 exf4 13. exf5 gxf5 14. Qd2 Nc5 15. Bc2 cxd5 16. cxd5 (16. Nxd5 $18 Bxb2 17. Rad1 (17. Nxf4 Bxa1 18. Rxa1 Ne4 $11)) 16... Bh6 17. Rfe1 Bd7 (17... Qf6 $16 18. Rac1 Qg7) 18. b4 $18 Na6 19. Ne2 Rc8 20. Ned4 Qf6 21. Bb3 Kh8 22. Ne6 Rg8 23. Rac1 $1 Rxc1 24. Rxc1 Qg6 {[%csl Gg8][%cal Rg6g2]} 25. Qc3+ Bg7 {[#]} 26. Nxg7 (26. Nfd4 $1 $18 {has better winning chances.}) 26... Rxg7 $2 {[#]} (26... Qxg7 $16 27. Kh2 Qxc3 28. Rxc3 Kg7) 27. Ne1 $1 Qg5 28. Bd1 f3 29. Bxf3 f4 30. Qd4 Bxh3 31. Nd3 Kg8 {[%cal Rh3g2]} 32. Nxf4 Bg4 (32... Bf5 $142 33. Re1 Nc7) 33. Bxg4 Qxg4 34. g3 Nc7 35. Qxa7 {Qb8+ would kill now.} Qxf4 {[#]} 36. Rxc7 $1 {[%mdl 512]} Rxg3+ (36... Rxc7 37. gxf4) 37. fxg3 {White mates.} Qxg3+ 38. Kf1 {[%cal Ra7b8]} Qh3+ 39. Ke1 Qh1+ 40. Kd2 {[%cal Ra7b8]} Qxd5+ 41. Kc1 {[%cal Ra7b8]} Qg5+ 42. Kb1 {Accuracy: White = 76%, Black = 34%.} 1-0

[Event "Moscow Open RSSU Cup 2019"]
[Site "Moscow"]
[Date "2019.01.28"]
[Round "3"]
[White "Savitskiy, Sergey"]
[Black "Mozharov, Mikhail"]
[Result "0-1"]
[WhiteElo "2411"]
[BlackElo "2549"]
[Annotator "TA"]
[PlyCount "116"]
[EventDate "2019.01.26"]
[EventType "swiss"]
[EventCountry "RUS"]
[SourceTitle "playchess.com"]
[Source "ChessBase"]
[SourceQuality "1"]

{[%evp 15,116,-40,-25,-54,-44,-64,-57,-45,-29,-10,-13,-22,-16,-47,-30,-50,-19,-44,-26,-23,-16,-57,-57,-60,-60,-68,-24,-37,-27,-62,-33,-24,-22,-87,-42,-42,-37,-42,-39,-54,0,0,0,-141,-124,-181,-179,-203,-190,-187,-164,-173,-166,-204,-136,-217,-230,-243,-231,-239,-229,-241,-211,-227,-212,-195,-205,-250,-185,-246,-214,-237,-216,-270,-250,-304,-302,-364,-324,-344,-335,-338,-335,-440,-332,-466,-414,-586,-539,-669,-661,-651,-661,-912,-833,-1868,-1770,-2845,-2490,-29981,-29982,-29979,-29977]} 1. e4 e6 2. Nc3 d5 3. Nf3 d4 4. Ne2 c5 5. d3 Nc6 6. g3 {C00: French: Unusual White 2nd moves} e5 (6... Nf6 7. Bg2 Be7 8. O-O O-O 9. h3 b5 10. a4 bxa4 11. Rxa4 a5 12. b3 Ba6 13. Nd2 Bb5 {0-1 (35) Dubov,D (2709)-Tregubov,P (2588) Moscow 2018}) 7. Bg2 Be7 8. O-O h5 {LiveBook: 3 Games} 9. h4 Nf6 10. Nh2 $146 ({Predecessor:} 10. Bg5 Ng4 11. Bxe7 Qxe7 12. Qd2 f6 13. Rae1 Be6 14. a3 {½-½ (60) Perez Grinan,P (1914)-Salgado Segui,R (2195) Havana 2010}) 10... Ng4 11. f4 exf4 12. Nxf4 Nxh2 13. Kxh2 Bg4 14. Qe1 Bd6 15. Kg1 Qb8 16. Kh2 Ne5 17. Nd5 Be6 {Strongly threatening ...Ng4+.} 18. Bf4 Ng4+ 19. Kg1 Bxf4 20. Rxf4 Ne5 21. b4 Qd6 22. Rb1 {White wants to play bxc5.} O-O 23. bxc5 Qxc5 24. Qe2 (24. Qd2 $11) 24... Bg4 25. Qd2 b6 26. a4 Bd7 27. Rf6 Rfe8 ({Much worse is} 27... gxf6 $6 28. Nxf6+ Kg7 29. Qg5+ (29. Nxh5+ Kh7 $14) 29... Ng6 30. Nxh5+ Kh7 31. Nf6+ Kg7 32. Nh5+ (32. Nxd7 Qxg5 33. hxg5 Rh8 $17) 32... Kh7 33. Qxc5 $16) ({Better is} 27... Ng4 $15 28. Rff1 Ne3) 28. Qg5 $11 Ng4 {And now ...Re5 would win.} 29. Rf3 {[#]} (29. Rf4 $1 $11 {remains equal.}) 29... Re5 $1 $36 {[%cal Re5g5][%mdl 2048] Black has strong initiative.} ({Don't play} 29... Qxc2 $6 30. Rc1 $11) 30. Qd2 (30. Qf4 $17 f6 31. Qd2) 30... Bxa4 $19 31. Rc1 Rc8 32. Bh3 Bd7 ({But not} 32... Bxc2 $2 33. Qf4 $18) 33. Bxg4 Bxg4 34. Rf2 Qd6 35. Kh2 (35. Qf4 $17 {was necessary.}) 35... Be6 36. Nf4 Rec5 37. Qb4 a5 38. Qb2 Rd8 39. Rcf1 f6 40. Ra1 Bf7 41. Ra4 Be8 42. Qb3+ (42. Ra2 $142) 42... Kh7 43. Ra1 a4 44. Qb2 Rb5 45. Qa2 Re5 46. Nd5 b5 47. Qb2 Qc5 48. Qa2 Rd6 49. Qb2 Bf7 50. Nb4 (50. Nf4 {was worth a try.}) 50... f5 51. Raf1 (51. Rc1 $142 Bg6 52. exf5 Bxf5 53. Rg2) 51... Bg6 {[%cal Bf7g6,Bg6f5,Bf5g4][%mdl 32]} 52. exf5 Rxf5 53. Rxf5 Bxf5 54. Qc1 {If only White now had time for Qg5....} Bg4 55. Qd2 Re6 56. Rf2 Re3 57. Na2 Qe5 58. Rg2 Bf3 {Accuracy: White = 25%, Black = 63%.} 0-1

[Event "Moscow Open RSSU Cup 2019"]
[Site "Moscow"]
[Date "2019.01.28"]
[Round "3"]
[White "Suleymenov, Alisher"]
[Black "Korneev, Oleg"]
[Result "1/2-1/2"]
[WhiteElo "2404"]
[BlackElo "2545"]
[Annotator "TA"]
[PlyCount "66"]
[EventDate "2019.01.26"]
[EventType "swiss"]
[EventCountry "RUS"]
[SourceTitle "playchess.com"]
[Source "ChessBase"]
[SourceQuality "1"]

{[%evp 17,66,49,65,38,31,31,39,25,42,14,16,8,0,-21,37,31,33,38,104,101,111,102,104,97,89,100,108,76,76,76,81,87,105,105,105,105,105,105,105,105,105,66,118,0,112,0,118,0,119,0,140]} 1. d4 d5 2. c4 c6 3. Nf3 Nf6 4. g3 Bf5 5. Nc3 e6 6. Nh4 {D11: Slav Defence: 3 Nf3 sidelines and 3...Nf6 4 e3 Bg4} Be4 7. f3 Bg6 8. Nxg6 (8. Qb3 Qb6 9. Nxg6 hxg6 10. c5 Qc7 11. e4 dxe4 12. Bf4 Qc8 13. fxe4 {1-0 (54) Inarkiev,E (2693)-Hovhannisyan,R (2637) St Petersburg 2018}) 8... hxg6 9. Qb3 Qc8 {LiveBook: 3 Games} 10. cxd5 $146 ({Predecessor:} 10. e4 dxe4 11. fxe4 e5 12. dxe5 Nfd7 {1-0 (40) Vaibhav,S (2560)-Keymer,V (2405) Tarvisio 2017}) 10... cxd5 11. e4 {[%cal Re4d5]} Nc6 12. Be3 {[%cal Re4d5]} a6 13. Rc1 {[%cal Re4d5]} dxe4 14. fxe4 {Threatens to win with d5.} Qd7 15. Rd1 Bb4 (15... Rc8 $11) 16. Bg2 $1 $14 Ng4 17. Bg1 $1 e5 (17... O-O $14) 18. d5 $16 Nd4 19. Bxd4 exd4 20. Qxb4 dxc3 21. Qxc3 Qd6 22. h3 Ne5 23. O-O O-O 24. Rc1 Rac8 25. Qxc8 Rxc8 26. Rxc8+ Kh7 27. Rc2 (27. Kh2 {is more complex.} g5 28. Rf2 f6 29. Rd2 Kg6 30. Rc3) 27... f6 28. Kh2 g5 29. Rff2 Kg6 ({Black should try} 29... g4 $1 $14) 30. Rf1 Kh7 31. Rff2 Kg6 32. Rf1 Kh7 $1 33. Rff2 Kg6 {Precision: White = 48%, Black = 54%.} 1/2-1/2

[Event "Moscow Open RSSU Cup 2019"]
[Site "Moscow"]
[Date "2019.01.28"]
[Round "3"]
[White "Dvalishvili, Pavel S."]
[Black "Potapov, Pavel"]
[Result "1-0"]
[WhiteElo "2396"]
[BlackElo "2516"]
[Annotator "TA"]
[PlyCount "145"]
[EventDate "2019.01.26"]
[EventType "swiss"]
[EventCountry "RUS"]
[SourceTitle "playchess.com"]
[Source "ChessBase"]
[SourceQuality "1"]

{[%evp 19,145,-38,-41,-41,-31,-47,5,-30,21,37,24,9,22,0,60,60,62,60,75,62,67,73,76,78,79,78,153,55,103,56,50,24,163,34,123,120,117,66,64,19,182,100,206,206,219,214,223,239,239,234,255,226,260,244,395,384,395,347,341,224,232,232,212,200,181,160,160,160,193,191,198,191,241,170,189,138,168,169,165,160,218,205,200,212,329,329,329,320,276,232,314,264,960,942,773,1105,1005,640,968,931,636,514,995,944,1449,1293,1208,762,1499,568,2177,2109,5887,3861,29980,29981,29981,4918,29975,29976,29984,29985,29985,29986,29986,29987,29987,29988]} 1. c4 f5 2. g3 Nf6 3. Bg2 g6 4. Nc3 Bg7 5. Nf3 d6 6. O-O O-O 7. d3 e5 8. Bg5 h6 {A21: English Opening: 1...e5 2 Nc3} (8... Kh8 9. Nd2 h6 10. Bxf6 Qxf6 11. Rb1 Nc6 12. b4 Qf7 13. b5 Nd4 14. a4 Rb8 15. a5 f4 16. e3 {0-1 (38) Potapov,A (2389)-Guseinov,G (2646) Minsk 2015}) 9. Bxf6 Qxf6 10. Nd2 c6 {LiveBook: 5 Games. Black is slightly better.} 11. b4 Be6 12. Nb3 $146 ({Predecessor:} 12. b5 e4 13. Rc1 d5 14. bxc6 bxc6 15. cxd5 cxd5 16. dxe4 dxe4 17. Ncxe4 fxe4 18. Nxe4 {1-0 (26) Van Assendelft,F (2332)-Beukema,S (2007) Dieren 2009}) 12... Qf7 (12... a6 $15) 13. Rc1 Na6 (13... a6 $142) 14. b5 $11 cxb5 15. Nxb5 Rfd8 16. Nc3 Nc5 (16... Rac8 $11) 17. Nxc5 $14 dxc5 18. Qa4 Kh8 19. Qa3 e4 20. dxe4 Bxc4 21. exf5 gxf5 22. Qxc5 f4 {[#]} (22... b6 $142 23. Qb4 Rac8) 23. Qb4 (23. Bxb7 $1 $16 {[%mdl 512]} Rab8 (23... Qxb7 24. Qxc4) 24. Bf3) 23... Rab8 24. a4 b6 25. Rfd1 {[%cal Bf1d1,Bd1d3,Bd3e3][%mdl 32]} Rf8 (25... Rxd1+ $1 $11 26. Rxd1 fxg3 27. hxg3 Rf8) 26. g4 ({White must play} 26. Nd5 $1 $18 Bxd5 27. Bxd5) 26... f3 ({Black should try} 26... Rbc8 $14) 27. exf3 $16 a5 28. Qd6 ({Better is} 28. Qa3 $1 $16) 28... Bb3 29. Rd3 Bf6 $2 (29... Qf4 $11 {and Black stays safe.} 30. Ne2 (30. Qxf4 Rxf4 31. Ne2 Rb4 $14) 30... Qxd6 31. Rxd6 Bxa4) 30. Bf1 (30. Ne4 $18 Rbd8 31. Rc7 (31. Nxf6 Rxd6 32. Rxd6 Qxf6 $11) 31... Rxd6 32. Rxf7 Rxf7 33. Rxd6) 30... Rbc8 (30... Bg5 $16 {was necessary.} 31. Re1 Rbd8 32. Qxb6 Rxd3 33. Bxd3 Qxf3 34. Qd4+ Bf6) 31. Qxb6 $18 Bc4 32. Re3 {Strongly threatening Ne4.} (32. Qxa5 Bxd3 33. Bxd3 Qc7 $11) 32... Bxf1 33. Kxf1 (33. Rxf1 Rxc3 34. Rxc3 Bxc3 $11) 33... Bg5 {[#]} 34. Rce1 $1 (34. Qxa5 Bxe3 35. Qe5+ Kg8 $15) 34... Bxe3 35. Rxe3 (35. Qxe3 Qxf3 36. Qxh6+ Kg8 $11) 35... Qf6 36. Qxa5 Rc4 $2 (36... Qg5 {keeps fighting.} 37. Qb4 Qc5) 37. Ne4 Qa1+ 38. Re1 Qd4 {and the idea ...Qd3+ leaves Black hopeful.} 39. Kg2 {Qa6 is the strong threat.} Rxa4 40. Qh5 Ra6 41. Ng3 Qf6 42. Qe5 Qxe5 43. Rxe5 $16 {[%mdl 4096] Endgame KRR-KRN} Rb8 44. f4 Rb4 45. Nh5 Ra2 46. Re3 Rbb2 47. Rf3 ({White should play} 47. Re8+ $18 Kh7 48. Nf6+ Kg6 49. Ne4) 47... Kg8 48. Nf6+ Kf7 49. Ne4 Ra4 (49... Ra1 $16 50. Nd6+ Kf6) 50. Re3 $18 Rbb4 51. Kf3 h5 {[#]} (51... Ra1 {might work better.} 52. f5 Kg7) 52. h3 $1 {[%cal Bh2h3,Bh3g4,Bg4g5,Bg5g6][%mdl 32]} ({Weaker is} 52. gxh5 Kg7 $16) 52... Kg7 53. f5 ({Not} 53. gxh5 Kh6 $16) 53... Rb2 54. Kg3 ({Resist} 54. gxh5 $6 Rbb4 $16) 54... hxg4 55. hxg4 Kh6 $2 (55... Rb1 56. f3 Rg1+ 57. Kf4 Raa1) 56. f3 Kg7 57. Rc3 Ra7 58. Kf4 Rb6 59. g5 Rb5 60. Kg4 Rb4 (60... Rb1 $142 61. Rc8 Rab7) 61. Rc6 Rb1 62. Rg6+ Kf8 63. Rh6 Ra3 64. g6 Rg1+ 65. Kf4 Rf1 66. Rh8+ Kg7 67. Rh7+ Kf8 68. Rh3 (68. Rf7+ $142 Ke8 69. Nf6+ Kd8 70. g7 Raxf3+ 71. Kg4 Rf4+ 72. Kg5 Rxf5+ 73. Kg6) 68... Kg7 69. Rg3 {White mates.} Rh1 70. f6+ Kg8 71. f7+ Kg7 {[#]} 72. f8=Q+ $1 {[%mdl 64] Decoy, Promotion} Kxf8 73. g7+ {Accuracy: White = 58%, Black = 19%.} 1-0

[Event "Moscow Open RSSU Cup 2019"]
[Site "Moscow"]
[Date "2019.01.28"]
[Round "3"]
[White "Bykov, Oleg"]
[Black "Drygalov, Andrey"]
[Result "1/2-1/2"]
[WhiteElo "2395"]
[BlackElo "2485"]
[Annotator "TA"]
[PlyCount "94"]
[EventDate "2019.01.26"]
[EventType "swiss"]
[EventCountry "RUS"]
[SourceTitle "playchess.com"]
[Source "ChessBase"]
[SourceQuality "1"]

{[%evp 13,94,0,31,0,0,0,-12,-47,-28,-33,-37,-37,-27,-34,-33,-47,-37,-39,-30,-38,-20,-33,0,0,0,-19,-7,-21,0,0,0,-32,-33,-25,-29,-33,-19,-36,-29,-104,-97,-101,-98,-116,-99,-102,-95,-128,-129,-133,-117,-130,-129,-204,-116,-129,-81,-118,-117,-133,-84,-80,0,-132,-131,-129,-47,-104,0,-118,0,-104,-96,-94,-110,-106,-30,-63,-63,-68,-70,-78,0]} 1. c4 e5 2. Nc3 Nf6 3. g3 Bb4 4. Bg2 O-O 5. Nf3 Nc6 6. Nd5 e4 {A29: English Opening: Four Knights Variation with 4 g3} 7. Nh4 Re8 {LiveBook: 77 Games} (7... d6 8. b3 g5 9. Bb2 Nxd5 10. cxd5 Nb8 11. Qc2 gxh4 12. Bxe4 Re8 13. Bxh7+ Kf8 {1-0 (30) Giri,A (2764)-Aronian,L (2780) Leuven 2017}) 8. Nxb4 Nxb4 {The position is equal.} 9. a3 Nc6 10. Nf5 $146 ({Predecessor:} 10. d3 d5 11. cxd5 Qxd5 12. dxe4 Qxd1+ 13. Kxd1 Nxe4 {½-½ (22) Delaune,R (2401)-Bauer,R (2304) Philadelphia 1999}) 10... d5 11. cxd5 Qxd5 (11... Nxd5 $5 12. Ne3 $8 Nxe3 13. fxe3 Bg4 $15) 12. Ne3 Qh5 13. b4 $1 Bh3 14. Bb2 Bxg2 15. Nxg2 Ne5 16. Nf4 Qf5 17. O-O g5 18. Bxe5 $1 Rxe5 19. Ng2 Qh3 $40 {[%mdl 128] [#] ( -> ...Ng4). Black has some attack.} 20. Ne3 Ng4 21. Nxg4 Qxg4 22. f3 exf3 23. Rxf3 Rd8 24. Rc1 c6 {aiming for ...Qd4+.} 25. d3 Qd4+ 26. Kh1 (26. Rf2 $11 {remains equal.}) 26... Qb2 $17 27. Rc2 Qxa3 28. Qd2 a5 29. bxa5 Qxa5 30. Qc1 Rf5 31. Rxf5 Qxf5 {[%mdl 4096] Endgame KQR-KQR} 32. Kg2 h6 33. h4 (33. Qa3 $17) 33... Qe5 ({Better is} 33... Qd5+ $19 34. Kf2 gxh4) 34. hxg5 Qxg5 35. Qb2 Qd5+ 36. Kh2 Qh5+ 37. Kg2 Qd5+ (37... Rd7 $142) 38. Kh2 $1 b5 39. Qb4 Qh5+ (39... Rd6 $17 40. Qc5 Qxc5 41. Rxc5 Kf8) 40. Kg2 (40. Qh4 $15 Qxh4+ 41. gxh4) 40... Qd5+ 41. Kh2 $1 Qh5+ 42. Kg2 Rd5 43. Qe7 Re5 44. Qd8+ Kg7 (44... Kh7 $17 45. e4 Rc5 46. Rxc5 Qxc5) 45. e4 c5 46. Rf2 Qg6 $1 47. Qb8 {[#]} Qe6 {Precision: White = 49%, Black = 42%.} ({Black should play} 47... Rg5 $1 $17 48. Ra2 Qf6 49. Qxb5 Qe5) 1/2-1/2

[Event "Moscow Open RSSU Cup 2019"]
[Site "Moscow"]
[Date "2019.01.29"]
[Round "4"]
[White "Lysyj, Igor"]
[Black "Kozionov, Kirill"]
[Result "1/2-1/2"]
[WhiteElo "2633"]
[BlackElo "2460"]
[Annotator "TA"]
[PlyCount "62"]
[EventDate "2019.01.26"]
[EventType "swiss"]
[EventCountry "RUS"]
[SourceTitle "playchess.com"]
[Source "ChessBase"]
[SourceQuality "1"]

{[%evp 19,62,51,51,41,73,75,72,69,83,78,70,68,70,72,62,69,73,39,36,47,52,37,54,47,37,55,63,32,76,0,0,0,28,14,49,49,64,24,31,25,15,0,27,0,25]} 1. d4 Nf6 2. c4 g6 3. Nc3 Bg7 4. e4 d6 5. Nf3 {[%cal Bg1f3,Bf3e1,Be1d3][%mdl 32]} O-O 6. Be2 e5 7. O-O Nc6 8. d5 Ne7 9. Ne1 Nd7 10. f3 f5 11. Bg5 {[%cal Bc1g5,Bg5h4,Bh4f2][%mdl 32] E99: King's Indian: Classical Main Line: 9 Ne1 Nd7 10 f3 f5} (11. Be3 f4 12. Bf2 g5 13. g4 h5 14. h3 Rf6 15. Nd3 Rh6 16. c5 Nf6 17. Kg2 Ng6 18. Rh1 Bf8 19. Rc1 a6 20. Qb3 Kg7 21. cxd6 Bxd6 {½-½ (61) So,W (2780)-Grischuk,A (2766) Saint Louis 2018}) 11... f4 12. Bh4 h6 13. Bf2 {White is better.} g5 14. Nd3 Nf6 15. c5 Ng6 16. Rc1 Rf7 17. Nb5 $146 {[%cal Bc3b5,Bb5a3,Ba3c4][%mdl 32]} ({Predecessor:} 17. a4 h5 18. cxd6 cxd6 {½-½ (28) Walczak,P (2474)-Sabaev,S (2425) ICCF email 2015}) 17... a6 18. Na3 g4 19. Qe1 Bf8 20. cxd6 Bxd6 21. Nc4 Rg7 22. Kh1 h5 23. g3 Qe7 24. Rg1 {And now gxf4 would win.} gxf3 25. Bxf3 {aiming for gxf4.} Bg4 26. Qe2 {Black must now prevent gxf4.} fxg3 27. Bxg3 Rf8 28. Rcf1 Bh3 $1 29. Bg2 Bg4 30. Bf3 Bh3 $1 31. Bg2 Bg4 {Accuracy: White = 55%, Black = 85%.} 1/2-1/2

[Event "Moscow Open RSSU Cup 2019"]
[Site "Moscow"]
[Date "2019.01.29"]
[Round "4"]
[White "Grachev, Boris"]
[Black "Urazayev, Arystanbek"]
[Result "1-0"]
[WhiteElo "2626"]
[BlackElo "2450"]
[Annotator "TA"]
[PlyCount "65"]
[EventDate "2019.01.26"]
[EventType "swiss"]
[EventCountry "RUS"]
[SourceTitle "playchess.com"]
[Source "ChessBase"]
[SourceQuality "1"]

{[%evp 18,65,16,27,38,45,49,30,43,41,43,37,42,40,37,32,38,38,35,42,62,47,54,52,64,65,77,51,62,66,100,71,81,77,83,46,149,148,183,177,165,158,261,266,633,620,1631,1564,1415,1307]} 1. Nf3 Nf6 2. c4 e6 3. Nc3 d5 4. e3 a6 5. b3 b6 6. g3 {A17: English Opening: 1...Nf6 with ...Bb4} Bb7 7. Bg2 Bd6 8. O-O O-O 9. Bb2 Nbd7 10. Qe2 {LiveBook: 14 Games} c5 $146 ({Predecessor:} 10... Qe7 11. d4 Rac8 12. Rfd1 Rfd8 {0-1 (52) Wei,Y (2734)-Wang,H (2710) Tianjin 2018}) 11. cxd5 exd5 12. d4 Re8 13. Rfd1 Qe7 14. Nh4 Qe6 $1 15. Qd2 cxd4 16. Qxd4 {[%cal Rc3d5]} Be5 17. Qd2 Nc5 18. Nf3 Bd6 19. Nd4 Qd7 20. Rac1 Rad8 21. Qc2 $36 {[%mdl 2048] White has good play.} Nfe4 22. Nce2 Rc8 23. Qb1 h5 24. Nf4 Bxf4 25. exf4 h4 26. Ba1 h3 {[#]} ({Better is} 26... a5 $14) 27. Bf1 $1 $16 {[%cal Bg2f1,Bf1d3,Bd3g6][%mdl 32]} f6 28. f3 Nd6 29. Qg6 Rcd8 (29... a5 $16 {might work better.} 30. Qh5 Re3) 30. b4 $18 Na4 $2 (30... Ne6 31. Bxh3 Nxf4 32. Bxd7 Nxg6) 31. Bd3 {[#] Black must now prevent Qh7+.White is clearly winning.} Rc8 32. Qh7+ Kf8 33. Bg6 {Accuracy: White = 98%, Black = 29%.} 1-0